Reparar la escritura: didáctica de la corrección de lo escrito

Uloženo v:
Podrobná bibliografie
Hlavní autor: Cassany, Daniel (autor)
Médium: Kniha
Jazyk:španělština
Vydáno: Barcelona, España: Graó, 1996
Vydání:4ª edición
Edice:Biblioteca de Aula, 108
Témata:
Tagy: Přidat tag
Žádné tagy, Buďte první, kdo vytvoří štítek k tomuto záznamu!

MARC

LEADER 00000nam a2200000 a 4500
001 UCS2368
003 CL-VaPUC
005 20220805074240.0
008 970523e19960000SP |||||||||||||||||spa|d
999 |c 260333  |d 260331 
020 |a 84-7827-050-7 
040 |c Pontificia Universidad Católica de Valparaíso 
082 0 4 |a 372.623 CAS 1996  |2 21 
100 0 |a Cassany, Daniel  |e autor  |9 387729 
245 1 0 |a Reparar la escritura: didáctica de la corrección de lo escrito 
250 |a 4ª edición 
260 |a Barcelona, España:  |b Graó,  |c 1996 
300 |a 129 páginas 
490 0 |a Biblioteca de Aula, 108 
500 |a C.9 Donación Familia profesor Giovanni Parodi S. Memo 01/2022. 25-03-2022 
583 |a last modification  |c 19970523 00:00:00  |k Rodrigo Vera 
650 0 |a Composición literaria  |9 324494 
650 7 |a Técnicas de corrección   |2 CL-VaPUC  |9 387730 
650 0 |a Escritura  |9 264941 
650 0 |a Ortografía  |9 309144 
942 |c BK  |2 ddc 
945 |d 19970523 00:00:00  |a rleighto 
952 |0 0  |1 0  |4 0  |6 372_623000000000000_CAS_1996  |7 0  |8 A  |9 286334  |a FDOPOS  |b FDOPOS  |d 2019-11-19  |i 3308529  |o 372.623 CAS 1996  |p 3308529  |r 2025-01-22  |w 2019-11-19  |y BK  |k MLA 
952 |0 0  |1 0  |4 0  |6 372_623000000000000_CAS_1996  |7 0  |8 A  |9 286335  |a BIBCUR  |b BIBCUR  |d 2019-11-19  |i 3322041  |o 372.623 CAS 1996  |p 3322041  |r 2025-04-22  |w 2019-11-19  |y BK  |k PER 
952 |0 0  |1 0  |4 0  |6 372_623000000000000_CAS_1996  |7 0  |8 A  |9 286336  |a BIBEDU  |b BIBEDU  |c ES_NOD  |d 2019-11-19  |i 3326578  |o 372.623 CAS 1996  |p 3326578  |r 2023-08-09  |w 2019-11-19  |y BK  |k EPE 
952 |0 0  |1 0  |4 0  |6 372_623000000000000_CAS_1996  |7 0  |8 A  |9 286337  |a BIBEDU  |b BIBEDU  |c ES_NOD  |d 2019-11-19  |i 3444953  |o 372.623 CAS 1996  |p 3444953  |r 2023-08-09  |w 2019-11-19  |y BK  |k EPE 
952 |0 0  |1 0  |4 0  |6 372_623000000000000_CAS_1996  |7 0  |8 A  |9 286338  |a BIBEDU  |b BIBEDU  |d 2019-11-19  |i 3461998  |l 6  |o 372.623 CAS 1996  |p 3461998  |r 2022-06-30  |s 2022-06-30  |w 2019-11-19  |y BK  |k LIT 
952 |0 0  |1 0  |4 0  |6 372_623000000000000_CAS_1996  |7 0  |8 A  |9 286339  |a FDOPOS  |b FDOPOS  |d 2019-11-19  |i 3690490  |o 372.623 CAS 1996  |p 3690490  |r 2025-01-22  |w 2019-11-19  |y BK  |k MLA 
952 |0 0  |1 0  |4 0  |6 372_623000000000000_CAS_1996  |7 0  |8 A  |9 286340  |a FDOPOS  |b FDOPOS  |d 2019-11-19  |i 3690504  |o 372.623 CAS 1996  |p 3690504  |r 2025-01-22  |w 2019-11-19  |y BK  |k MLA 
952 |0 0  |1 0  |4 0  |6 372_623000000000000_CAS_1996  |7 0  |8 A  |9 286341  |a BIBEDU  |b BIBEDU  |c ES_NOD  |d 2019-11-19  |i 3702596  |o 372.623 CAS 1996  |p 3702596  |r 2023-08-09  |w 2019-11-19  |y BK  |k LIT 
952 |0 0  |1 0  |2 ddc  |4 0  |6 372_623000000000000_CAS_1996  |7 0  |8 C_GPS  |9 582485  |a FDOPOS  |b BIBEDU  |c GEN  |d 2022-04-06  |e Donación  |i 5650717  |l 3  |o 372.623 CAS 1996  |p 5650717  |r 2025-01-22  |s 2022-05-16  |t 9  |w 2022-04-06  |y BK  |k MLA